[Event "Titled Tuesday intern op 13th Feb Early"]
[Site "Chess.com INT"]
[Date "2024.02.13"]
[Round "3"]
[White "Ardila, Oscar Humberto"]
[Black "Nestorovic, Nikola"]
[Result "0-1"]
[WhiteElo "1952"]
[BlackElo "2465"]
[PlyCount "200"]
[EventDate "2024.02.13"]
[EventType "swiss (blitz)"]
[EventRounds "11"]
[EventCountry "USA"]
[SourceTitle "CB08_2024"]
[SourceDate "2024.02.21"]
[SourceVersion "1"]
[SourceVersionDate "2024.02.21"]
[SourceQuality "1"]

1. d4 Nf6 2. c4 c5 3. dxc5 Na6 4. Nf3 Nxc5 5. e3 d6 6. Be2 b6 7. 0-0 Bb7 8. Nc3 e6 9. b4 Ncd7 10. Qb3 a6 11. Bb2 Be7 12. Rfd1 0-0 13. Rac1 Qc7 14. Nd4 Rac8 15. a4 Ne5 16. Nb1 Rfd8 17. Nd2 Qb8 18. h3 h6 19. N2f3 Ng6 20. Bd3 Ne5 21. Be2 Ned7 22. Qa2 Qa8 23. Qa1 Nf8 24. Re1 Ng6 25. Red1 Bf8 26. Re1 Ne4 27. Red1 a5 28. bxa5 bxa5 29. Nb5 Nc5 30. Qa2 Be7 31. Bd4 Nf8 32. Bxc5 Rxc5 33. Rd2 d5 34. Qb2 Rdc8 35. Rdc2 dxc4 36. Rxc4 Rxc4 37. Rxc4 Rxc4 38. Bxc4 Bxf3 39. gxf3 Qxf3 40. Qd2 Qxh3 41. Qxa5 Ng6 42. Qa8+ Kh7 43. Qe4 Qh5 44. Bd3 Qd1+ 45. Kg2 Qa1 46. Bc2 Qb2 47. Qc4 f5 48. Qc7 Bf6 49. Qc6 Qe5 50. Nd4 Nh4+ 51. Kf1 Qh2 52. Qxe6 Qh3+ 53. Ke2 Qg4+ 54. Ke1 Bxd4 55. exd4 Nf3+ 56. Kf1 Nxd4 57. Qc4 Qf4 58. Qd3 h5 59. a5 g6 60. a6 Qc1+ 61. Kg2 Nxc2 62. a7 Qg5+ 63. Kf1 Qc1+ 64. Kg2 Qa1 65. Qd7+ Kh6 66. Qd2+ Kg7 67. Qxc2 Qxa7 68. Qe2 Qb7+ 69. Kf1 Qf7 70. Kg2 Qf6 71. Kf1 Qg5 72. Qe6 h4 73. Qd7+ Kh6 74. Qe8 Qf6 75. Qe3+ g5 76. Qe8 g4 77. Kg2 h3+ 78. Kh2 Qd6+ 79. Kg1 Qd1+ 80. Kh2 Qd6+ 81. Kg1 Kg5 82. Qg8+ Kf4 83. Qc4+ Ke5 84. Qc3+ Qd4 85. Qc7+ Ke4 86. Qc6+ Qd5 87. Qe8+ Kd3 88. Qc8 Qe4 89. Qa6+ Kd4 90. Qb6+ Ke5 91. Qc7+ Kd5 92. Qb7+ Kd4 93. Qb6+ Kd3 94. Qb5+ Kd2 95. Qa5+ Ke2 96. Qb5+ Kf3 97. Qb3+ Kf4 98. Qc3 Qf3 99. Qd2+ Ke5 100. Qc3+ Qxc3 0-1

[Event "Titled Tuesday intern op 13th Feb Early"]
[Site "Chess.com INT"]
[Date "2024.02.13"]
[Round "2"]
[White "Nestorovic, Nikola"]
[Black "Ohanyan, Emin"]
[Result "0-1"]
[WhiteElo "2465"]
[BlackElo "2468"]
[PlyCount "116"]
[EventDate "2024.02.13"]
[EventType "swiss (blitz)"]
[EventRounds "11"]
[EventCountry "USA"]
[SourceTitle "CB08_2024"]
[SourceDate "2024.02.21"]
[SourceVersion "1"]
[SourceVersionDate "2024.02.21"]
[SourceQuality "1"]

1. d4 Nf6 2. Nf3 d5 3. c3 Nbd7 4. Bf4 g6 5. h3 Bg7 6. e3 0-0 7. Nbd2 b6 8. a4 a5 9. Be2 Bb7 10. 0-0 Ne4 11. Nxe4 dxe4 12. Nd2 e5 13. Bh2 c5 14. d5 Bxd5 15. Nc4 Be6 16. Qd6 Qb8 17. Rfd1 Ra7 18. Rd2 Qxd6 19. Nxd6 f5 20. Bb5 Bf6 21. Nc4 Kf7 22. Rad1 Ke7 23. b3 g5 24. Bxd7 Rxd7 25. Rxd7+ Bxd7 26. Nxb6 Be6 27. Nd5+ Bxd5 28. Rxd5 f4 29. Kf1 Rb8 30. Rxc5 Rxb3 31. exf4 exf4 32. Rc4 Rb1+ 33. Ke2 Rh1 34. Rxe4+ Kf7 35. Bxf4 gxf4 36. Rxf4 Ra1 37. Kd3 Ke6 38. g4 Ra3 39. Rc4 Kd5 40. f4 h6 41. h4 Bxh4 42. Rd4+ Kc5 43. Rc4+ Kd5 44. Rd4+ Kc6 45. Rc4+ Kd6 46. Rd4+ Ke7 47. Re4+ Kf7 48. Kc2 Ra1 49. Kb2 Rg1 50. g5 hxg5 51. fxg5 Bxg5 52. Re5 Bd8 53. Kb3 Rg4 54. c4 Kf6 55. Rd5 Ke7 56. c5 Rb4+ 57. Ka3 Bc7 58. c6 Bd6 0-1

[Event "SRB-ch sf"]
[Site "Paracin"]
[Date "2024.02.11"]
[Round "9"]
[White "Nestorovic, Nikola"]
[Black "Stankovic, Boris"]
[Result "0-1"]
[WhiteElo "2465"]
[BlackElo "2310"]
[PlyCount "76"]
[EventDate "2024.02.05"]
[EventType "swiss"]
[EventRounds "9"]
[EventCountry "SRB"]
[SourceTitle "CB07_2024"]
[SourceDate "2024.02.14"]
[SourceVersion "1"]
[SourceVersionDate "2024.02.14"]
[SourceQuality "1"]

1. d4 Nf6 2. Nf3 d5 3. c3 e6 4. Bf4 c5 5. e3 Be7 6. Nbd2 0-0 7. Bd3 b6 8. Ne5 Bb7 9. Qf3 Nbd7 10. Qh3 g6 11. Bh6 Re8 12. f4 Ne4 13. Nxe4 dxe4 14. Bb5 Bc8 15. Bc6 Rb8 16. Bxe4 Qc7 17. Nc6 Nf6 18. Nxe7+ Qxe7 19. Bg5 e5 20. Bxf6 Qxf6 21. dxe5 Bxh3 22. exf6 Rxe4 23. gxh3 Rxe3+ 24. Kf2 Re6 25. Rhe1 Rxf6 26. Kg3 Rd8 27. Rad1 Rfd6 28. Rxd6 Rxd6 29. Re7 Rd2 30. Rxa7 Rxb2 31. c4 Kg7 32. h4 Rc2 33. Ra6 Rc3+ 34. Kg2 Rxc4 35. Rxb6 Rxf4 36. h5 Ra4 37. Rb2 g5 38. Rc2 Kh6 0-1

[Event "SRB-ch sf"]
[Site "Paracin"]
[Date "2024.02.09"]
[Round "6"]
[White "Nestorovic, Nikola"]
[Black "Atalik, Suat"]
[Result "1/2-1/2"]
[WhiteElo "2465"]
[BlackElo "2437"]
[PlyCount "55"]
[EventDate "2024.02.05"]
[EventType "swiss"]
[EventRounds "9"]
[EventCountry "SRB"]
[SourceTitle "CB07_2024"]
[SourceDate "2024.02.14"]
[SourceVersion "1"]
[SourceVersionDate "2024.02.14"]
[SourceQuality "1"]

1. e4 c5 2. Nf3 Nc6 3. d4 cxd4 4. Nxd4 Nf6 5. Nc3 e5 6. Ndb5 d6 7. Nd5 Nxd5 8. exd5 Ne7 9. c3 Nf5 10. Bd3 Be7 11. a4 0-0 12. 0-0 Bd7 13. f4 exf4 14. Bxf4 a6 15. Na3 Rc8 16. Kh1 Nh4 17. Nc4 Bf5 18. Bxf5 Nxf5 19. Qd3 g6 20. a5 Bg5 21. g4 Bxf4 22. Rxf4 Ng7 23. Raf1 f5 24. gxf5 Rxf5 25. Rxf5 Nxf5 26. Ne3 Nxe3 27. Qxe3 Rc7 28. Rf4 1/2-1/2

[Event "BL2-Ost 2223"]
[Site "Germany"]
[Date "2022.11.26"]
[Round "3.3"]
[White "Zajogin, Alexander"]
[Black "Nestorovic, Nikola"]
[Result "0-1"]
[WhiteElo "2409"]
[BlackElo "2465"]
[PlyCount "86"]
[EventDate "2022.10.22"]
[EventType "team-tourn"]
[EventRounds "10"]
[EventCountry "GER"]
[SourceTitle "EXT 2024"]
[Source "ChessBase"]
[SourceDate "2023.10.10"]
[SourceVersion "1"]
[SourceVersionDate "2023.10.10"]
[SourceQuality "1"]
[WhiteTeam "Bayern Muenchen II"]
[BlackTeam "Goeggingen"]
[WhiteTeamCountry "GER"]
[BlackTeamCountry "GER"]

1. d4 Nf6 2. c4 e6 3. Nc3 Bb4 4. e3 0-0 5. Nf3 d5 6. Bd2 Nc6 7. a3 Bd6 8. Qc2 dxc4 9. Bxc4 e5 10. d5 Ne7 11. Rd1 a6 12. Ng5 h6 13. Nge4 Nxe4 14. Nxe4 Bf5 15. Bc3 Ng6 16. 0-0 Bxe4 17. Qxe4 f5 18. Qc2 Qh4 19. Bb4 e4 20. Bxd6 cxd6 21. Be2 Rac8 22. Qa4 Rce8 23. g3 Qh3 24. f4 exf3 25. Rxf3 Re4 26. Rd4 Ne5 27. Rf2 Rxd4 28. Qxd4 Rc8 29. Qd1 g5 30. Qf1 Qxf1+ 31. Kxf1 Rc1+ 32. Kg2 Re1 33. h3 Kg7 34. g4 fxg4 35. hxg4 Rb1 36. Bf3 Nd3 37. Be4 Nxf2 38. Bxb1 Nxg4 39. Kf3 Ne5+ 40. Ke4 Kf6 41. Bc2 h5 42. Bd1 g4 43. Kf4 Nd3+ 0-1

[Event "Titled Tuesday intern op 18th Oct Early"]
[Site "Chess.com INT"]
[Date "2022.10.18"]
[Round "4"]
[White "Large, Peter G"]
[Black "Nestorovic, Nikola"]
[Result "0-1"]
[WhiteElo "2257"]
[BlackElo "2465"]
[PlyCount "60"]
[EventDate "2022.10.18"]
[EventType "swiss (blitz)"]
[EventRounds "11"]
[EventCountry "USA"]
[SourceTitle "EXT 2024"]
[Source "ChessBase"]
[SourceDate "2023.10.10"]
[SourceVersion "1"]
[SourceVersionDate "2023.10.10"]
[SourceQuality "1"]

1. e4 e5 2. Nf3 Nc6 3. Bb5 g6 4. c3 Bg7 5. d4 exd4 6. cxd4 a6 7. Ba4 b5 8. Bb3 Nge7 9. 0-0 0-0 10. h3 Na5 11. Bc2 d6 12. Re1 c5 13. Nc3 cxd4 14. Nxd4 Bb7 15. Bg5 h6 16. Bh4 Nc4 17. b3 Na3 18. Rc1 Rc8 19. Nd5 Bxd5 20. Bxe7 Qxe7 21. exd5 Qg5 22. Nc6 Rce8 23. Be4 Bb2 24. Re3 Bxc1 25. Qxc1 Rxe4 26. Qxa3 Rxe3 27. fxe3 Qxe3+ 28. Kh1 Qf4 29. Qxa6 Re8 30. Qxb5 Re1+ 0-1

[Event "SRB-chT 1st League CS"]
[Site "Banja Vrujci"]
[Date "2022.10.08"]
[Round "10.2"]
[White "Nestorovic, Nikola"]
[Black "Radisavljevic, Dalibor"]
[Result "1-0"]
[WhiteElo "2465"]
[BlackElo "2173"]
[PlyCount "95"]
[EventDate "2022.10.01"]
[EventType "team-tourn"]
[EventRounds "11"]
[EventCountry "SRB"]
[SourceTitle "CBM 210 Extra"]
[Source "ChessBase"]
[SourceDate "2022.11.30"]
[SourceVersion "1"]
[SourceVersionDate "2022.11.30"]
[SourceQuality "1"]
[WhiteTeam "Kraljevo Sloga"]
[BlackTeam "Jagodina Kablovi"]
[WhiteTeamCountry "SRB"]
[BlackTeamCountry "SRB"]

1. e4 c5 2. Nf3 Nc6 3. d4 cxd4 4. Nxd4 Nf6 5. Nc3 e5 6. Ndb5 d6 7. Bg5 a6 8. Na3 b5 9. Nd5 Be7 10. Bxf6 Bxf6 11. c4 b4 12. Nc2 0-0 13. g3 Bg5 14. Bg2 a5 15. 0-0 Be6 16. b3 Qb8 17. Nde3 Bxe3 18. Nxe3 Qb6 19. Qd3 Qd4 20. Qe2 Qc5 21. Rad1 a4 22. Rd3 axb3 23. axb3 Nd4 24. Qb2 Ra6 25. Nc2 Nxc2 26. Qxc2 Rfa8 27. Qd1 Kf8 28. Qh5 Kg8 29. Bh3 g6 30. Qh6 Bxh3 31. Qxh3 Qc7 32. Rfd1 Ra1 33. Qf1 Rxd1 34. Qxd1 Ra6 35. Kg2 Kg7 36. Rd5 h5 37. h4 Rb6 38. Qa1 Kh7 39. Qa5 Qb7 40. Qa4 Ra6 41. Qb5 Rb6 42. Qe8 Qc7 43. c5 Rb8 44. cxd6 Rxe8 45. dxc7 Rc8 46. Rc5 Kg7 47. Kf3 Kf6 48. Ke3 1-0

[Event "San Cristobal de La Laguna op 4th"]
[Site "San Cristobal de La Laguna"]
[Date "2022.08.29"]
[Round "4"]
[White "Nestorovic, Nikola"]
[Black "Gagunashvili, Merab"]
[Result "0-1"]
[WhiteElo "2467"]
[BlackElo "2552"]
[PlyCount "104"]
[EventDate "2022.08.27"]
[EventType "swiss"]
[EventRounds "9"]
[EventCountry "ESP"]
[SourceTitle "CBM 210 Extra"]
[Source "ChessBase"]
[SourceDate "2022.11.30"]
[SourceVersion "1"]
[SourceVersionDate "2022.11.30"]
[SourceQuality "1"]

1. e4 e5 2. Nf3 Nc6 3. Bc4 Bc5 4. c3 Nf6 5. d4 exd4 6. e5 d5 7. Be2 d3 8. exf6 dxe2 9. Qxe2+ Kf8 10. Bg5 gxf6 11. Bh6+ Kg8 12. 0-0 Bf8 13. Qe3 Qe7 14. Qf4 Qe4 15. Nbd2 Bxh6 16. Qxh6 Qg6 17. Qf4 Bh3 18. Nh4 Qg5 19. Qxc7 Qxh4 20. gxh3 Ne5 21. f4 Ng6 22. Rae1 Kg7 23. Nf3 Qxh3 24. f5 Nh4 25. Nxh4 Qxh4 26. Re3 Rhg8 27. Rg3+ Kh8 28. Rff3 Rxg3+ 29. Rxg3 Rg8 30. Rxg8+ Kxg8 31. Qxb7 Qg4+ 32. Kh1 Qxf5 33. Qxa7 Qe4+ 34. Kg1 Qb1+ 35. Kg2 Qxb2+ 36. Kg1 Qc1+ 37. Kg2 Qd2+ 38. Kg1 Kg7 39. Qd4 Qxa2 40. Qg4+ Kf8 41. Qd4 Qb1+ 42. Kf2 Qf5+ 43. Kg1 h5 44. h3 Kg7 45. Qc5 Qf3 46. Qc8 f5 47. Qc7 f4 48. Qe5+ Kg6 49. Qd6+ f6 50. Qd7 Qe3+ 51. Kh1 f3 52. Qxd5 Qe1+ 0-1

[Event "San Cristobal de La Laguna op 4th"]
[Site "San Cristobal de La Laguna"]
[Date "2022.08.28"]
[Round "2"]
[White "Medal Paves, Jose Maria"]
[Black "Nestorovic, Nikola"]
[Result "0-1"]
[WhiteElo "1949"]
[BlackElo "2467"]
[PlyCount "70"]
[EventDate "2022.08.27"]
[EventType "swiss"]
[EventRounds "9"]
[EventCountry "ESP"]
[SourceTitle "CBM 210 Extra"]
[Source "ChessBase"]
[SourceDate "2022.11.30"]
[SourceVersion "1"]
[SourceVersionDate "2022.11.30"]
[SourceQuality "1"]

1. e4 e5 2. Nf3 Nc6 3. Bb5 g6 4. 0-0 Bg7 5. c3 a6 6. Ba4 Nge7 7. d4 b5 8. Bb3 exd4 9. cxd4 0-0 10. Nc3 Na5 11. Bg5 h6 12. Bh4 Nxb3 13. Qxb3 g5 14. Bg3 d6 15. e5 Nf5 16. Rad1 Bb7 17. Qc2 Bxf3 18. gxf3 Qd7 19. Ne4 Rae8 20. Rfe1 Kh8 21. Kh1 f6 22. exf6 Bxf6 23. Nxf6 Rxe1+ 24. Rxe1 Rxf6 25. Qe4 Qf7 26. Kg2 h5 27. h4 gxh4 28. Bxh4 Rg6+ 29. Kh2 Nxh4 30. Qxh4 Qxf3 31. Rg1 Rf6 32. Rg2 Qf4+ 33. Kh3 Kh7 34. Rg5 Qxh4+ 35. Kxh4 Rxf2 0-1

[Event "San Cristobal de La Laguna op 4th"]
[Site "San Cristobal de La Laguna"]
[Date "2022.08.27"]
[Round "1"]
[White "Nestorovic, Nikola"]
[Black "Sanchez Rodriguez, Pablo"]
[Result "1-0"]
[WhiteElo "2467"]
[BlackElo "1489"]
[PlyCount "43"]
[EventDate "2022.08.27"]
[EventType "swiss"]
[EventRounds "9"]
[EventCountry "ESP"]
[SourceTitle "CBM 210 Extra"]
[Source "ChessBase"]
[SourceDate "2022.11.30"]
[SourceVersion "1"]
[SourceVersionDate "2022.11.30"]
[SourceQuality "1"]

1. e4 e6 2. d4 d5 3. Nc3 Bb4 4. e5 Ne7 5. a3 Ba5 6. b4 Bb6 7. Nf3 0-0 8. Bd3 h6 9. Ne2 a5 10. b5 c5 11. c3 cxd4 12. cxd4 Nd7 13. Nf4 Nf5 14. Bc2 Qc7 15. Bb2 Re8 16. g4 Ne7 17. g5 hxg5 18. Nxg5 Nf5 19. Rc1 Qd8 20. Qh5 Nh6 21. Nxf7 Qe7 22. Nxh6+ 1-0

[Event "Bundesliga 2122"]
[Site "Germany"]
[Date "2022.07.08"]
[Round "12.1"]
[White "Nestorovic, Nikola"]
[Black "Tomczak, Jacek"]
[Result "0-1"]
[WhiteElo "2456"]
[BlackElo "2584"]
[PlyCount "70"]
[EventDate "2022.03.05"]
[EventType "team-tourn"]
[EventRounds "15"]
[EventCountry "GER"]
[SourceTitle "CBM 209 Extra"]
[Source "ChessBase"]
[SourceDate "2022.09.30"]
[SourceVersion "1"]
[SourceVersionDate "2022.09.30"]
[SourceQuality "1"]
[WhiteTeam "Augsburg"]
[BlackTeam "Berlin SF"]
[WhiteTeamCountry "GER"]
[BlackTeamCountry "GER"]

1. e4 e6 2. d4 d5 3. Nc3 Nf6 4. Bg5 dxe4 5. Nxe4 Be7 6. Bxf6 gxf6 7. g3 f5 8. Nc3 Bf6 9. Nge2 Nc6 10. d5 Nb4 11. Bg2 c6 12. dxc6 Qb6 13. 0-0 bxc6 14. Na4 Qa6 15. c4 0-0 16. Nf4 Qxc4 17. Nh5 Be7 18. Rc1 Qg4 19. a3 Nd3 20. Rxc6 Bb7 21. Qxg4+ fxg4 22. Rc7 Bxg2 23. Kxg2 Bg5 24. Rd1 Rfd8 25. Kf1 h6 26. b4 Ne5 27. Rxd8+ Rxd8 28. Nc3 a6 29. Ne4 Rd1+ 30. Ke2 Ra1 31. Nxg5 hxg5 32. Rc5 Ra2+ 33. Ke3 Rxa3+ 34. Ke4 Nf3 35. Ra5 f5+ 0-1

[Event "Bundesliga 2122"]
[Site "Germany"]
[Date "2022.05.29"]
[Round "10.3"]
[White "Khenkin, Igor"]
[Black "Nestorovic, Nikola"]
[Result "1/2-1/2"]
[WhiteElo "2509"]
[BlackElo "2456"]
[PlyCount "45"]
[EventDate "2022.03.05"]
[EventType "team-tourn"]
[EventRounds "15"]
[EventCountry "GER"]
[SourceTitle "EXT 2023"]
[Source "ChessBase"]
[SourceDate "2022.10.05"]
[SourceVersion "1"]
[SourceVersionDate "2022.10.05"]
[SourceQuality "1"]
[WhiteTeam "Kiel Turm"]
[BlackTeam "Augsburg"]
[WhiteTeamCountry "GER"]
[BlackTeamCountry "GER"]

1. d4 Nf6 2. c4 e6 3. Nf3 d5 4. Nc3 c6 5. Bg5 dxc4 6. e4 b5 7. e5 h6 8. Bh4 g5 9. Nxg5 hxg5 10. Bxg5 Be7 11. exf6 Bxf6 12. Bxf6 Qxf6 13. g3 Na6 14. Bg2 Bb7 15. Ne4 Qe7 16. 0-0 0-0-0 17. a4 f5 18. axb5 cxb5 19. Rxa6 Bxa6 20. Nc5 Qxc5 21. dxc5 Rxd1 22. Rxd1 b4 23. h4 1/2-1/2

[Event "Bundesliga 2122"]
[Site "Germany"]
[Date "2022.04.30"]
[Round "5.1"]
[White "Alonso Rosell, Alvar"]
[Black "Nestorovic, Nikola"]
[Result "1-0"]
[WhiteElo "2565"]
[BlackElo "2456"]
[PlyCount "109"]
[EventDate "2022.03.05"]
[EventType "team-tourn"]
[EventRounds "15"]
[EventCountry "GER"]
[SourceTitle "EXT 2023"]
[Source "ChessBase"]
[SourceDate "2022.10.05"]
[SourceVersion "1"]
[SourceVersionDate "2022.10.05"]
[SourceQuality "1"]
[WhiteTeam "Bayern Muenchen"]
[BlackTeam "Augsburg"]
[WhiteTeamCountry "GER"]
[BlackTeamCountry "GER"]

1. d4 d5 2. c4 c6 3. Nf3 Nf6 4. e3 Bf5 5. Nc3 e6 6. Be2 Nbd7 7. Nh4 Be4 8. f3 Bg6 9. g3 Be7 10. 0-0 0-0 11. cxd5 Nxd5 12. Nxg6 hxg6 13. e4 N5b6 14. Be3 e5 15. dxe5 Nxe5 16. Qb3 Ned7 17. Rfd1 Qe8 18. Kg2 Bc5 19. Bg5 Be7 20. Be3 Bc5 21. Bf4 Qe7 22. h4 a5 23. Bg5 Qe8 24. Na4 Nxa4 25. Qxa4 Nf6 26. Rd3 Qe5 27. Qc2 b6 28. Bf4 Qe6 29. Rad1 Rfe8 30. Bd6 Qxa2 31. Bxc5 bxc5 32. R3d2 Qe6 33. Qxc5 a4 34. Rd6 Qa2 35. Qa3 Qxa3 36. bxa3 c5 37. Bc4 Rab8 38. R1d2 Kf8 39. Ra6 Red8 40. Rxd8+ Rxd8 41. Kf2 Nd7 42. Ke3 f5 43. Rd6 fxe4 44. fxe4 Ke7 45. Rxg6 Kf8 46. Rd6 Ke7 47. Ra6 Kf8 48. Be2 Rb8 49. Rxa4 Rb3+ 50. Kf4 Nb6 51. Ra7 Rb2 52. Bh5 c4 53. Bg6 Rf2+ 54. Ke3 Rf6 55. h5 1-0

[Event "Rosenheim Millennium"]
[Site "Rosenheim"]
[Date "2022.03.30"]
[Round "9"]
[White "Hess, Max"]
[Black "Nestorovic, Nikola"]
[Result "1/2-1/2"]
[WhiteElo "2392"]
[BlackElo "2456"]
[PlyCount "94"]
[EventDate "2022.03.23"]
[EventType "tourn"]
[EventRounds "9"]
[EventCountry "GER"]
[EventCategory "3"]
[SourceTitle "CBM 207 Extra"]
[Source "ChessBase"]
[SourceDate "2022.05.31"]
[SourceVersion "1"]
[SourceVersionDate "2022.05.31"]
[SourceQuality "1"]

1. Nf3 d5 2. g3 b6 3. c4 d4 4. Bg2 Bb7 5. 0-0 c5 6. b4 Nd7 7. e3 dxe3 8. fxe3 Ngf6 9. bxc5 bxc5 10. d4 e6 11. e4 Bxe4 12. Nc3 Bxf3 13. Qxf3 cxd4 14. Qxa8 Qxa8 15. Bxa8 dxc3 16. Be3 Bc5 17. Bxc5 Nxc5 18. Rac1 Ke7 19. Bg2 Nfe4 20. Bxe4 Nxe4 21. Rfe1 f5 22. Rxe4 fxe4 23. Rxc3 Kd6 24. Kf2 Rf8+ 25. Ke2 Rf5 26. Ra3 a5 27. Rb3 Rc5 28. Rb7 Rxc4 29. Rxg7 Rc2+ 30. Ke3 Rxh2 31. Kxe4 h6 32. a3 Re2+ 33. Kd4 Ra2 34. Ra7 Rxa3 35. Ra6+ Kd7 36. Ra7+ Kc6 37. Ra6+ Kb5 38. Rxe6 Rxg3 39. Rxh6 a4 40. Rh8 Kb4 41. Rb8+ Ka3 42. Kc4 Ka2 43. Ra8 a3 44. Rb8 Ka1 45. Rb3 Rg4+ 46. Kc3 a2 47. Kc2 Rg2+ 1/2-1/2

[Event "Rosenheim Millennium"]
[Site "Rosenheim"]
[Date "2022.03.26"]
[Round "4"]
[White "Goldbeck, Lars"]
[Black "Nestorovic, Nikola"]
[Result "0-1"]
[WhiteElo "2267"]
[BlackElo "2456"]
[PlyCount "116"]
[EventDate "2022.03.23"]
[EventType "tourn"]
[EventRounds "9"]
[EventCountry "GER"]
[EventCategory "3"]
[SourceTitle "CBM 207 Extra"]
[Source "ChessBase"]
[SourceDate "2022.05.31"]
[SourceVersion "1"]
[SourceVersionDate "2022.05.31"]
[SourceQuality "1"]

1. d4 Nf6 2. c4 e6 3. Nc3 Bb4 4. f3 c5 5. d5 b5 6. e4 d6 7. Bd2 Bxc3 8. Bxc3 b4 9. Bd2 0-0 10. Be3 exd5 11. cxd5 Nfd7 12. Ne2 Ne5 13. Ng3 f5 14. exf5 Qe7 15. Qd2 Bxf5 16. Be2 Nbd7 17. 0-0 Nb6 18. b3 Rae8 19. Bf2 Bc8 20. Rae1 Qf7 21. Ne4 Qg6 22. Bg3 Bf5 23. Bb5 Bd7 24. Bxd7 Nbxd7 25. Ng5 h6 26. Ne6 Rf5 27. a3 bxa3 28. Ra1 Nf8 29. Nxf8 Rexf8 30. Rxa3 R8f7 31. Ra6 h5 32. Re1 Qf6 33. f4 h4 34. Bxh4 Qxh4 35. fxe5 Rf2 36. Ra4 Rxd2 37. Rxh4 dxe5 38. h3 Rxd5 39. b4 cxb4 40. Rxb4 a5 41. Rb8+ Kh7 42. Re8 a4 43. R8xe5 Rxe5 44. Rxe5 Ra7 45. Re2 a3 46. Ra2 Kg6 47. Kf2 Kf5 48. Kf3 Kg5 49. Kg3 Ra4 50. h4+ Kh5 51. Kh3 Rxh4+ 52. Kg3 Ra4 53. Kh3 Kg5 54. Kg3 Kf5 55. Kf3 g5 56. g3 Ra8 57. Kf2 Ke4 58. Ke2 g4 0-1

[Event "Rosenheim Millennium"]
[Site "Rosenheim"]
[Date "2022.03.24"]
[Round "2"]
[White "Lerch, Johannes"]
[Black "Nestorovic, Nikola"]
[Result "0-1"]
[WhiteElo "2233"]
[BlackElo "2456"]
[PlyCount "96"]
[EventDate "2022.03.23"]
[EventType "tourn"]
[EventRounds "9"]
[EventCountry "GER"]
[EventCategory "3"]
[SourceTitle "CBM 207 Extra"]
[Source "ChessBase"]
[SourceDate "2022.05.31"]
[SourceVersion "1"]
[SourceVersionDate "2022.05.31"]
[SourceQuality "1"]

1. e4 c5 2. Nf3 Nc6 3. Bb5 g6 4. 0-0 Bg7 5. Nc3 e5 6. a3 Nge7 7. b4 d6 8. Bc4 0-0 9. d3 h6 10. bxc5 dxc5 11. Rb1 b6 12. Be3 Nd4 13. Nd5 Be6 14. Bxd4 cxd4 15. Nxe7+ Qxe7 16. Bxe6 Qxe6 17. Nd2 Qc6 18. Rb2 Qa4 19. Nc4 b5 20. Rb4 Qa6 21. Nd2 Rab8 22. a4 bxa4 23. Qb1 Rxb4 24. Qxb4 Rc8 25. Nc4 Bf8 26. Qb2 Rxc4 27. dxc4 Qxc4 28. Ra1 a3 29. Qa2 Qe2 30. f3 Qe3+ 31. Kh1 Bb4 32. Rb1 a5 33. Rg1 Qc3 34. Rb1 h5 35. Kg1 h4 36. h3 Qe3+ 37. Kh1 Qe2 38. Qb3 Qd2 39. Ra1 Qe2 40. Qd3 Qf2 41. Rf1 Qg3 42. Rd1 a2 43. Qc4 Bd2 44. Qxa2 Bf4 45. Kg1 Qh2+ 46. Kf1 Qh1+ 47. Ke2 Qxg2+ 48. Kd3 Qxf3+ 0-1

[Event "Titled Tuesday intern op 25th Jan"]
[Site "Chess.com INT"]
[Date "2022.01.25"]
[Round "4"]
[White "Timofeev, Artyom"]
[Black "Nestorovic, Nikola"]
[Result "1-0"]
[WhiteElo "2574"]
[BlackElo "2467"]
[PlyCount "45"]
[EventDate "2022.01.25"]
[EventType "swiss (blitz)"]
[EventRounds "11"]
[EventCountry "USA"]
[SourceTitle "CBM 206 Extra"]
[Source "ChessBase"]
[SourceDate "2022.03.31"]
[SourceVersion "1"]
[SourceVersionDate "2022.03.31"]
[SourceQuality "1"]

1. d4 Nf6 2. Nf3 e6 3. Bg5 c5 4. d5 exd5 5. Nc3 d4 6. Bxf6 Qxf6 7. Nd5 Qd8 8. e3 dxe3 9. Qe2 d6 10. Qxe3+ Be6 11. Ng5 Qd7 12. Nf4 Nc6 13. Ngxe6 fxe6 14. Nxe6 Be7 15. Bc4 Ne5 16. Bb5 Nc6 17. 0-0-0 a6 18. Bc4 Ne5 19. Bd5 g5 20. Rhe1 Qa4 21. Kb1 Kd7 22. Nxc5+ dxc5 23. Bb3+ 1-0

[Event "Titled Tuesday intern op 21st Dec"]
[Site "Chess.com INT"]
[Date "2021.12.21"]
[Round "5"]
[White "Olcayoz, Alper"]
[Black "Nestorovic, Nikola"]
[Result "0-1"]
[WhiteElo "2244"]
[BlackElo "2467"]
[PlyCount "68"]
[EventDate "2021.12.21"]
[EventType "swiss (blitz)"]
[EventRounds "11"]
[EventCountry "USA"]
[SourceTitle "CBM 205 Extra"]
[Source "ChessBase"]
[SourceDate "2022.01.31"]
[SourceVersion "1"]
[SourceVersionDate "2022.01.31"]
[SourceQuality "1"]

1. e4 c6 2. Nc3 d5 3. Qf3 dxe4 4. Nxe4 Nf6 5. Nxf6+ exf6 6. Bc4 Bd6 7. Ne2 0-0 8. 0-0 Nd7 9. d4 Nb6 10. Bd3 Be6 11. b3 g6 12. Bb2 Bd5 13. Qh3 Be6 14. Qf3 Bd5 15. Qh3 Be6 16. Qh6 Nd5 17. a3 a5 18. c4 Nc7 19. Nf4 Re8 20. d5 cxd5 21. Nxe6 Rxe6 22. Rad1 Be5 23. Bc1 dxc4 24. Bxg6 hxg6 25. Rxd8+ Rxd8 26. bxc4 Bd4 27. Be3 Bxe3 28. fxe3 Ne8 29. Rf3 Rd1+ 30. Kf2 Ng7 31. Rh3 Nh5 32. g4 Rd2+ 33. Ke1 Ra2 34. gxh5 Rb6 0-1

[Event "Sitges Sunway op 8th"]
[Site "Sitges"]
[Date "2021.12.16"]
[Round "4"]
[White "Zhukenov, Aituar"]
[Black "Nestorovic, Nikola"]
[Result "0-1"]
[WhiteElo "2209"]
[BlackElo "2467"]
[PlyCount "96"]
[EventDate "2021.12.13"]
[EventType "swiss"]
[EventRounds "10"]
[EventCountry "ESP"]
[SourceTitle "CBM 205 Extra"]
[Source "ChessBase"]
[SourceDate "2022.01.31"]
[SourceVersion "1"]
[SourceVersionDate "2022.01.31"]
[SourceQuality "1"]

1. e4 c5 2. Nf3 d6 3. d4 cxd4 4. Nxd4 Nf6 5. Nc3 Nc6 6. Bg5 g6 7. Bxf6 exf6 8. Bb5 Bd7 9. Qd2 Bg7 10. Nb3 a6 11. Bxc6 Bxc6 12. 0-0-0 0-0 13. Qxd6 Qxd6 14. Rxd6 f5 15. Na5 Be5 16. Rdd1 Bxe4 17. Nxe4 fxe4 18. Nxb7 Rfb8 19. Nd6 Bxb2+ 20. Kd2 f5 21. Ke2 Bg7 22. g4 fxg4 23. c4 Rb2+ 24. Ke3 Rc2 25. Kxe4 Rxf2 26. c5 Bf8 27. Kd5 h5 28. Kc6 Rb2 29. Kd7 Ra7+ 30. Kc8 Rc2 31. Rc1 Bxd6 32. Rxc2 Rc7+ 33. Kd8 Rxc5 34. Rd2 Bc7+ 35. Ke7 Kg7 36. Rf1 Rf5 37. Rdf2 Bxh2 38. Rxf5 gxf5 39. Rxf5 Kg6 40. Rf6+ Kg5 41. Rxa6 g3 42. Kf7 h4 43. Ra5+ Kg4 44. Ra4+ Kh3 45. Kg6 g2 46. Kh5 Bg3 47. Rc4 Kh2 48. Rc2 Kh1 0-1